Départements français avec le plus de communes homonymes - Statistiques

Statistiques générales
  • Ce quiz a été pris 17 fois
  • Le résultat moyen est 10 sur 16
Statistiques - réponses
Nombre d'homonymes Département % Correct
93 Aisne
81%
60 Eure
81%
83 Oise
75%
90 Gironde
69%
64 Haute-Garonne
69%
74 Marne
69%
62 Seine-Maritime
69%
81 Somme
69%
85 Saône-et-Loire
63%
64 Charente
56%
78 Charente-Maritime
56%
81 Côte-d'Or
56%
70 Gers
56%
61 Gard
50%
77 Yonne
50%
58 Meurthe-et-Moselle
31%
Aucun quiz correspondant
Distribution des résultats
% des personnes avec chaque résultat
Percentile par nombre de réponses
Votre historique - résultats
Vous n’avez pas pris ce quiz